000 00835nas a2200277 4500
001 BR9606529
003 BR-BrBNA
005 20231205095359.0
007 ta
008 230509b bl.|||p| |||| 00| 00por d
040 _aBR-BrBNA
_bpor
_cBiblioteca Nacional de Agricultura
041 _a(En)
072 _aP34
100 1 _aHenriques, A.B.
100 1 _aCambraia, J.
100 1 _aPacheco, S.
100 1 _aMuchovej, R.M.C.
245 1 _aNitrogen partitioning in Pinus caribaea var. hondurensis colonized with Pisolithus tinctorius
650 _aPinheiro
650 _aRaiz
650 _aNitrogenio
650 _aMicorriza
773 0 _tRevista Brasileira de Fisiologia Vegetal (Brazil)
_xISSN 0103-3131
_g(Jul-Dec 1992), v. 4(2) p. 91-94
_wBR9606529
909 _a202311
_bLúcia
_c55
_dLúcia Elande
942 _2AGRIS
_n0
_cANA
999 _c150340
_d150340